[Event "DEM U10/U10w 2008"]
[Site "Willingen GER"]
[Date "2008.05.11"]
[Round "2"]
[White "Hamacher, Emily"]
[Black "Wolff, Christopher"]
[Result "0-1"]
[Termination "normal"]
[Board "21"]
[WhiteElo "847"]
[BlackElo "1373"]
[PlyCount "62"]
[EventCountry "GER"]
[EventRounds "11"]
[EventType "swiss"]
[EventDate "2008.05.10"]

1. e4 c5 2. d4 cxd4 3. c3 d5 4. Bd3 Nc6 5. Nf3 Bg4 6. h3 Bh5 7. g4 Bg6 8. Qe2
e6 9. cxd4 Nf6 10. Nc3 Bb4 11. Bd2 Bxc3 12. bxc3 dxe4 13. Bxe4 Bxe4 14. g5 Bxf3
15. Qxf3 Qd5 16. Qe2 Qxh1+ 17. Qf1 Qxf1+ 18. Kxf1 Ne4 19. Be3 Nxc3 20. f3 Rd8
21. Bd2 Nb5 22. a4 Nbxd4 23. Bc3 Ne5 24. f4 Nef3 25. Rd1 f6 26. Bxd4 Rxd4 27.
Rxd4 Nxd4 28. gxf6 gxf6 29. Kf2 Rg8 30. Ke3 Nf5+ 31. Kd3 Rg3+ 0-1

[Event "DEM U10/U10w 2008"]
[Site "Willingen GER"]
[Date "2008.05.11"]
[Round "2"]
[White "Bilchinski, Anton"]
[Black "Brandl, Lea Maria"]
[Result "1-0"]
[Termination "normal"]
[Board "22"]
[WhiteElo "1477"]
[BlackElo "972"]
[PlyCount "83"]
[WhiteFideId "24615765"]
[BlackFideId "24693049"]
[EventCountry "GER"]
[EventRounds "11"]
[EventType "swiss"]
[EventDate "2008.05.10"]

1. d4 d5 2. c4 e6 3. Nc3 Nf6 4. Nf3 Nbd7 5. Bg5 c6 6. e3 Qa5 7. cxd5 Nxd5 8.
Qc2 Bb4 9. Rc1 Qxa2 10. Bd3 Nxc3 11. bxc3 Qxc2 12. Rxc2 Ba5 13. Ke2 Nb6 14. Ra1
Bxc3 15. Rxc3 Nd5 16. Rb3 b5 17. Bh4 Bb7 18. Bg3 a5 19. Kd2 Nb4 20. Bf1 Ke7 21.
Ne5 f6 22. Nd3 Nxd3 23. Bxd3 Rhd8 24. Bc7 Rd7 25. Bxa5 Rc7 26. Rba3 Rcc8 27.
Bb4+ Kf7 28. Rxa8 Bxa8 29. Bc5 Rd8 30. g3 e5 31. h4 exd4 32. Bxd4 Ke6 33. Rc1
Bb7 34. Bxh7 b4 35. Kc2 c5 36. Bxc5 Rc8 37. Kd2 Kd5 38. Bxb4 Rd8 39. Ke1 Ke5
40. Rc5+ Ke6 41. Bf5+ Ke7 42. Rc7+ 1-0

[Event "DEM U10/U10w 2008"]
[Site "Willingen GER"]
[Date "2008.05.11"]
[Round "2"]
[White "Scholz, Robert"]
[Black "Koch, Elisabeth"]
[Result "0-1"]
[Termination "normal"]
[Board "23"]
[WhiteElo "1295"]
[BlackElo "1097"]
[PlyCount "64"]
[WhiteFideId "1270301"]
[BlackFideId "24695068"]
[EventCountry "GER"]
[EventRounds "11"]
[EventType "swiss"]
[EventDate "2008.05.10"]

1. e4 e5 2. Nc3 Nc6 3. Bc4 Nf6 4. d3 Bc5 5. Nf3 d6 6. Bg5 h6 7. Bh4 g5 8. Bg3
Bg4 9. h3 Bh5 10. a3 Nd4 11. Rb1 Bxf3 12. gxf3 Qd7 13. b4 Bb6 14. Ba2 O-O-O 15.
a4 a6 16. a5 Ba7 17. Bc4 c6 18. Na2 h5 19. h4 gxh4 20. Bxh4 Rh6 21. c3 Ne6 22.
Bb3 Rg8 23. Kf1 d5 24. Bxf6 Rxf6 25. exd5 cxd5 26. Rxh5 Ng5 27. c4 Nxf3 28. Rh1
dxc4 29. Bxc4 b5 30. Bb3 Kb8 31. Qe2 Qd4 32. Rd1 Ng1 0-1

[Event "DEM U10/U10w 2008"]
[Site "Willingen GER"]
[Date "2008.05.11"]
[Round "2"]
[White "Engert, Marvin"]
[Black "Müller, Max"]
[Result "1-0"]
[Termination "normal"]
[Board "24"]
[WhiteElo "1271"]
[BlackElo "800"]
[PlyCount "75"]
[WhiteFideId "12901164"]
[BlackFideId "12900486"]
[EventCountry "GER"]
[EventRounds "11"]
[EventType "swiss"]
[EventDate "2008.05.10"]

1. e4 e5 2. Nf3 Nc6 3. Bc4 Bc5 4. b4 Bxb4 5. c3 Bc5 6. d4 exd4 7. O-O Nf6 8. e5
Ne4 9. cxd4 Nxd4 10. Nxd4 d5 11. Bb3 O-O 12. Be3 Re8 13. f3 Ng5 14. Bxg5 Qxg5
15. f4 Qd8 16. Kh1 b6 17. Nc3 c6 18. Nxc6 Qd7 19. Qxd5 Qxd5 20. Bxd5 Kh8 21.
Rfd1 f6 22. exf6 gxf6 23. Nd4 Rb8 24. Rd3 Bxd4 25. Rxd4 Bb7 26. Bxb7 Rxb7 27.
Rd6 Rbe7 28. g3 Rc8 29. Nd5 Rc2 30. Nxe7 Re2 31. Nf5 Kg8 32. Rxf6 Re8 33. Rd1
Kh8 34. Rf7 Rg8 35. Rdd7 Re8 36. Rxh7+ Kg8 37. Nh6+ Kf8 38. Rdf7# 1-0

[Event "DEM U10/U10w 2008"]
[Site "Willingen GER"]
[Date "2008.05.11"]
[Round "2"]
[White "Schmekel, Florian"]
[Black "Heinemann, Josefine"]
[Result "0-1"]
[Termination "normal"]
[Board "25"]
[WhiteElo "1182"]
[BlackElo "941"]
[PlyCount "48"]
[WhiteFideId "12913456"]
[BlackFideId "12900460"]
[EventCountry "GER"]
[EventRounds "11"]
[EventType "swiss"]
[EventDate "2008.05.10"]

1. e4 e5 2. Nf3 Nc6 3. Bc4 Nf6 4. d3 Bc5 5. Nc3 d6 6. Bg5 Bg4 7. Bxf6 Qxf6 8.
Nd5 Qd8 9. c3 O-O 10. h3 Bh5 11. O-O Qd7 12. b4 Bb6 13. a4 a6 14. Nxb6 cxb6 15.
Bd5 Rad8 16. b5 Ne7 17. Bc4 d5 18. exd5 Nxd5 19. g4 Bxg4 20. hxg4 Qxg4+ 21. Kh2
Nf4 22. Bxf7+ Rxf7 23. Nh4 Qxh4+ 24. Kg1 Qg5+ 0-1

[Event "DEM U10/U10w 2008"]
[Site "Willingen GER"]
[Date "2008.05.11"]
[Round "2"]
[White "Böhme, Mathis"]
[Black "Myagkov, Kirill"]
[Result "0-1"]
[Termination "normal"]
[Board "26"]
[WhiteElo "1019"]
[BlackElo "1582"]
[PlyCount "108"]
[WhiteFideId "12900443"]
[BlackFideId "24657042"]
[EventCountry "GER"]
[EventRounds "11"]
[EventType "swiss"]
[EventDate "2008.05.10"]

1. e4 d5 2. exd5 Qxd5 3. Nc3 Qa5 4. Nf3 Bg4 5. Be2 Nf6 6. O-O e6 7. Re1 Bd6 8.
d3 c6 9. Ne4 Nxe4 10. dxe4 Qc7 11. Kh1 O-O 12. Nd4 Bxe2 13. Qxe2 Bxh2 14. g3
Bxg3 15. fxg3 Qxg3 16. Rg1 Qh4+ 17. Kg2 Qf6 18. Qf2 Qg6+ 19. Kf3 Qh5+ 20. Ke3
Nd7 21. Qg3 g6 22. Qg4 Qc5 23. Qf4 e5 24. Qg4 Qxd4+ 25. Ke2 Nf6 26. Qh4 Qxe4+
27. Qxe4 Nxe4 28. Rg4 Nf6 29. Rg5 e4 30. b3 Nd5 31. Re5 f5 32. Bb2 Rae8 33. c4
Rxe5 34. Bxe5 Nf6 35. Rd1 Ng4 36. Bb2 f4 37. Rd7 f3+ 38. Ke1 f2+ 39. Kd2 Nf6
40. Bxf6 Rxf6 41. Rd8+ Rf8 42. Rxf8+ Kxf8 43. Ke2 e3 44. b4 Kf7 45. b5 c5 46.
b6 a6 47. a4 Kf6 48. a5 h5 49. Kf1 h4 50. Kg2 g5 51. Kh2 e2 52. Kg2 f1=Q+ 53.
Kh2 Qf2+ 54. Kh3 Qg3# 0-1

[Event "DEM U10/U10w 2008"]
[Site "Willingen GER"]
[Date "2008.05.11"]
[Round "2"]
[White "Manusina, Nicole"]
[Black "Marach, Jonas"]
[Result "1-0"]
[Termination "normal"]
[Board "27"]
[WhiteElo "1601"]
[BlackElo "1000"]
[PlyCount "213"]
[WhiteFideId "24657514"]
[BlackFideId "1270493"]
[EventCountry "GER"]
[EventRounds "11"]
[EventType "swiss"]
[EventDate "2008.05.10"]

1. d4 d5 2. c4 e6 3. Nc3 Nf6 4. Bg5 Nbd7 5. e3 c6 6. Nf3 Be7 7. Rc1 O-O 8. cxd5
exd5 9. Bd3 Ne4 10. Bxe7 Qxe7 11. O-O Re8 12. Qc2 Nb6 13. b3 Bg4 14. Ne5 Nxc3
15. Qxc3 Bh5 16. Bb1 Qg5 17. f4 Qe7 18. Qd3 Bg6 19. f5 f6 20. fxg6 fxe5 21. Rf7
e4 22. Qf1 Qe6 23. gxh7+ Kxh7 24. Rxb7 Rf8 25. Qe2 Qh6 26. Re1 Rf6 27. h3 Rg6
28. Kh2 Qh4 29. Rf1 Qg3+ 30. Kh1 Qd6 31. Rbf7 Kg8 32. Bc2 Qa3 33. Bd1 Rd8 34.
Qf2 Nd7 35. Rf4 Nf6 36. Rh4 Qe7 37. Rf4 Rf8 38. Qc2 Qd6 39. Qc5 Qxc5 40. dxc5
a5 41. Be2 Ra8 42. Rf5 Nd7 43. Rc1 a4 44. b4 a3 45. b5 Ra5 46. b6 Rxc5 47. Rxc5
Nxc5 48. g4 Nb7 49. Ba6 Nc5 50. Bc8 Rd6 51. Rf1 Rd8 52. b7 Na6 53. Rb1 Nb8 54.
Rb3 c5 55. Rb5 d4 56. Rxc5 dxe3 57. Be6+ Kh7 58. Rc1 e2 59. Bb3 Kh6 60. Kg2 Rd2
61. Re1 Kg5 62. Kf2 Kh4 63. Rxe2 Rxe2+ 64. Kxe2 Kxh3 65. Be6 Kg2 66. Ke3 Kf1
67. Kxe4 Ke2 68. Kf5 Kf3 69. g5 Ke3 70. Kg6 Kf4 71. Kxg7 Kxg5 72. Kf7 Kf4 73.
Ke7 Ke5 74. Bb3 Kd4 75. Kd8 Kc5 76. Kc7 Na6+ 77. Kc8 Kb6 78. b8=Q+ Nxb8 79.
Kxb8 Ka5 80. Kc7 Kb5 81. Kb7 Ka5 82. Kc6 Ka6 83. Kc5 Ka5 84. Bc2 Ka6 85. Kb4
Kb6 86. Kxa3 Ka5 87. Kb3 Kb5 88. a4+ Ka5 89. Bd3 Kb6 90. Kb4 Ka7 91. a5 Kb7 92.
Kb5 Ka7 93. Be4 Kb8 94. Kb6 Kc8 95. a6 Kd7 96. a7 Ke6 97. a8=Q Ke5 98. Qd5+ Kf4
99. Kc5 Ke3 100. Bh7 Kf4 101. Kd4 Kg3 102. Qf5 Kg2 103. Qf4 Kg1 104. Qf3 Kh2
105. Ke3 Kg1 106. Qf2+ Kh1 107. Be4# 1-0

[Event "DEM U10/U10w 2008"]
[Site "Willingen GER"]
[Date "2008.05.11"]
[Round "2"]
[White "Janke, Hendrik"]
[Black "Berkov, Mikhail"]
[Result "0-1"]
[Termination "normal"]
[Board "28"]
[WhiteElo "999"]
[BlackElo "1402"]
[PlyCount "64"]
[WhiteFideId "12921831"]
[BlackFideId "24678783"]
[EventCountry "GER"]
[EventRounds "11"]
[EventType "swiss"]
[EventDate "2008.05.10"]

1. e4 e5 2. Nf3 Nc6 3. Be2 Nf6 4. Nc3 d6 5. h3 Be7 6. d3 Be6 7. O-O h6 8. Be3
Qd7 9. Kh2 Nh7 10. Nd5 f5 11. Nxe7 Nxe7 12. Nh4 Nf6 13. Bh5+ Nxh5 14. Qxh5+ Bf7
15. Qf3 f4 16. Bd2 g5 17. Nf5 Nxf5 18. exf5 c6 19. Qe4 Bd5 20. Qe2 Qxf5 21.
Qh5+ Bf7 22. Qf3 O-O-O 23. g4 Qg6 24. Bc3 Bd5 25. Qe2 Rde8 26. Rg1 Rhf8 27. f3
h5 28. gxh5 Qxh5 29. Rgf1 Rh8 30. Qg2 Be6 31. Rh1 Bxh3 32. Qf2 Bf1+ 0-1

[Event "DEM U10/U10w 2008"]
[Site "Willingen GER"]
[Date "2008.05.11"]
[Round "2"]
[White "Boes, Julian"]
[Black "Hösch, Peter"]
[Result "1-0"]
[Termination "normal"]
[Board "29"]
[WhiteElo "966"]
[BlackElo "1340"]
[PlyCount "61"]
[WhiteFideId "12907723"]
[EventCountry "GER"]
[EventRounds "11"]
[EventType "swiss"]
[EventDate "2008.05.10"]

1. e4 e5 2. Nf3 Nc6 3. Bc4 Bc5 4. Nc3 Nf6 5. d3 d6 6. Bg5 h6 7. Bh4 Be6 8. Bxe6
fxe6 9. Qd2 g5 10. Bg3 Qd7 11. h3 O-O-O 12. O-O-O g4 13. hxg4 Nxg4 14. Rh4 h5
15. a3 d5 16. Re1 Rdg8 17. exd5 exd5 18. Nxe5 Ncxe5 19. Bxe5 Be7 20. Bxh8 Bxh4
21. Bd4 Qd8 22. g3 Bg5 23. f4 Bf6 24. Bxf6 Nxf6 25. Qf2 d4 26. Ne4 Ng4 27. Qg1
Nf6 28. Nxf6 Qxf6 29. Re5 h4 30. Qxd4 Rxg3 31. Re8+ 1-0

[Event "DEM U10/U10w 2008"]
[Site "Willingen GER"]
[Date "2008.05.11"]
[Round "2"]
[White "Truong, Van Trang"]
[Black "Wendland, Tobias"]
[Result "0-1"]
[Termination "normal"]
[Board "30"]
[WhiteElo "950"]
[BlackElo "1314"]
[PlyCount "102"]
[BlackFideId "24662267"]
[EventCountry "GER"]
[EventRounds "11"]
[EventType "swiss"]
[EventDate "2008.05.10"]

1. e4 e6 2. d4 d5 3. e5 c5 4. Nf3 Nc6 5. c3 Qb6 6. Be2 cxd4 7. cxd4 Nge7 8. Nc3
Nf5 9. Be3 Qxb2 10. Rc1 Bb4 11. Bd2 Ncxd4 12. Bb5+ Nxb5 13. Nxb5 Bxd2+ 14. Qxd2
Qxb5 15. Rc2 O-O 16. Qe2 Qxe2+ 17. Rxe2 Bd7 18. Rb2 Rac8 19. O-O b6 20. h3 Rc3
21. Rbb1 Rfc8 22. Rfd1 h6 23. Re1 Rc2 24. a3 Ra2 25. Ra1 Rcc2 26. Rxa2 Rxa2 27.
Rc1 Rxa3 28. Rb1 Ba4 29. Rc1 d4 30. Rc8+ Kh7 31. Rc7 Bd1 32. Rxf7 Bxf3 33. gxf3
d3 34. Rd7 Ra1+ 35. Kg2 Rd1 36. Rxa7 d2 37. Rd7 Nh4+ 38. Kg3 Rg1+ 39. Kxh4 d1=Q
40. Rxd1 Rxd1 41. Kg4 b5 42. f4 b4 43. f5 exf5+ 44. Kxf5 b3 45. e6 b2 46. Ke5
b1=Q 47. e7 Re1+ 48. Kd6 Qd3+ 49. Kc5 Rc1+ 50. Kb6 Qb3+ 51. Ka5 Ra1# 0-1

[Event "DEM U10/U10w 2008"]
[Site "Willingen GER"]
[Date "2008.05.11"]
[Round "2"]
[White "Reimers, Juri"]
[Black "Hümmecke, Sarah"]
[Result "1-0"]
[Termination "normal"]
[Board "31"]
[WhiteElo "1207"]
[BlackElo "997"]
[PlyCount "117"]
[WhiteFideId "24661511"]
[EventCountry "GER"]
[EventRounds "11"]
[EventType "swiss"]
[EventDate "2008.05.10"]

1. e4 e5 2. Nf3 Nc6 3. Bb5 a6 4. Bxc6 dxc6 5. O-O Bg4 6. h3 h5 7. d3 Bxf3 8.
Qxf3 Bd6 9. Be3 Qe7 10. Nd2 Nf6 11. Qf5 Qd7 12. Qxd7+ Nxd7 13. f4 O-O-O 14. Nc4
Rhf8 15. Nxd6+ cxd6 16. Rad1 f6 17. d4 Kb8 18. dxe5 dxe5 19. fxe5 Nxe5 20. Bf4
Rxd1 21. Rxd1 Ka8 22. Bxe5 fxe5 23. Rf1 Rxf1+ 24. Kxf1 Ka7 25. Ke2 Kb6 26. Kd3
Kc5 27. Kc3 b5 28. b4+ Kb6 29. Kd3 c5 30. c3 cxb4 31. cxb4 a5 32. a3 a4 33. Ke3
Kc6 34. Kf3 Kd6 35. Kg3 Ke6 36. Kh4 g6 37. g4 hxg4 38. Kxg4 Kf6 39. h4 Kf7 40.
h5 gxh5+ 41. Kxh5 Kf6 42. Kh6 Kf7 43. Kg5 Ke6 44. Kg6 Ke7 45. Kf5 Kd6 46. Kf6
Kd7 47. Kxe5 Ke7 48. Kd5 Kd7 49. Kc5 Kc7 50. Kxb5 Kb7 51. Kxa4 Ka7 52. e5 Kb7
53. Kb5 Ka7 54. e6 Kb7 55. e7 Ka7 56. e8=Q Kb7 57. Qd7+ Ka8 58. Kb6 Kb8 59.
Qb7# 1-0

[Event "DEM U10/U10w 2008"]
[Site "Willingen GER"]
[Date "2008.05.11"]
[Round "2"]
[White "von Ehr, Lukas"]
[Black "Moses, Selina"]
[Result "1-0"]
[Termination "normal"]
[Board "32"]
[WhiteElo "1190"]
[BlackElo "954"]
[PlyCount "111"]
[BlackFideId "12908070"]
[EventCountry "GER"]
[EventRounds "11"]
[EventType "swiss"]
[EventDate "2008.05.10"]

1. e4 e5 2. Nf3 Nc6 3. d4 exd4 4. Nxd4 Nf6 5. Nc3 Bc5 6. Nxc6 bxc6 7. Bg5 h6 8.
Bf4 d6 9. Bd3 O-O 10. O-O d5 11. exd5 cxd5 12. Nb5 Bd6 13. Nxd6 cxd6 14. h3 Bb7
15. Qd2 Re8 16. Rfe1 Qd7 17. Qb4 Qc7 18. Qxd6 Qxd6 19. Bxd6 Rad8 20. Be7 Rc8
21. Bxf6 gxf6 22. Kf1 Kh8 23. Rxe8+ Rxe8 24. Re1 Rxe1+ 25. Kxe1 Kg8 26. Ke2 Kf8
27. Ke3 Ke7 28. g3 Bc8 29. g4 Bd7 30. Bf5 Bxf5 31. gxf5 Kd6 32. Kd4 a6 33. a4
a5 34. c3 h5 35. b4 axb4 36. cxb4 Kc6 37. b5+ Kb6 38. Kxd5 h4 39. Kd6 Kb7 40.
Ke7 Kb6 41. Kxf7 Kc5 42. Kxf6 Kb6 43. Ke6 Ka5 44. f6 Kb6 45. f7 Kc7 46. f8=Q
Kb6 47. Qd6+ Ka5 48. Qa6+ Kb4 49. Kd5 Kc3 50. Ke4 Kd2 51. Qa5+ Ke2 52. Qc3 Kxf2
53. Qf3+ Kg1 54. Qe2 Kh1 55. Kf3 Kg1 56. Qg2# 1-0

[Event "DEM U10/U10w 2008"]
[Site "Willingen GER"]
[Date "2008.05.11"]
[Round "2"]
[White "Reksten, Lisa"]
[Black "Nobis, Anna"]
[Result "0-1"]
[Termination "normal"]
[Board "33"]
[WhiteElo "936"]
[BlackElo "1189"]
[PlyCount "58"]
[BlackFideId "1270302"]
[EventCountry "GER"]
[EventRounds "11"]
[EventType "swiss"]
[EventDate "2008.05.10"]

1. e4 c5 2. Nf3 Nc6 3. d4 cxd4 4. Nxd4 g6 5. Nc3 Bg7 6. Be3 Nf6 7. Qd2 Ng4 8.
O-O-O Nxe3 9. Qxe3 O-O 10. Bc4 d6 11. f3 Nxd4 12. Rxd4 Qb6 13. Rd3 Qxe3+ 14.
Rxe3 Bh6 15. Rhe1 Bxe3+ 16. Rxe3 Bd7 17. Nd5 e6 18. Nf4 Rac8 19. Bb3 Rc7 20.
Kb1 a5 21. Rd3 a4 22. Bxe6 fxe6 23. g3 d5 24. e5 Rfc8 25. Rd2 a3 26. b3 Rc3 27.
Rf2 Re3 28. Ng2 Rxe5 29. f4 Re4 0-1

[Event "DEM U10/U10w 2008"]
[Site "Willingen GER"]
[Date "2008.05.11"]
[Round "2"]
[White "Schmid, Floyd"]
[Black "Buttgereit, Vincent"]
[Result "1-0"]
[Termination "normal"]
[Board "34"]
[WhiteElo "1156"]
[BlackElo "928"]
[PlyCount "59"]
[WhiteFideId "24686069"]
[EventCountry "GER"]
[EventRounds "11"]
[EventType "swiss"]
[EventDate "2008.05.10"]

1. e4 e5 2. Nf3 Nc6 3. Bc4 Bc5 4. c3 Nf6 5. d4 exd4 6. cxd4 Bb4+ 7. Nc3 Nxe4 8.
O-O Nxc3 9. bxc3 Bxc3 10. Qb3 Bxd4 11. Re1+ Kf8 12. Ba3+ d6 13. Rad1 Na5 14.
Qa4 Bb6 15. Re2 Bd7 16. Qc2 a6 17. Bd3 h5 18. h3 h4 19. Ne5 Bc8 20. Rde1 Bd7
21. Qd2 Bb5 22. Re4 c5 23. Nf3 Qd7 24. Bxb5 axb5 25. Qf4 Nc6 26. Bb2 Rg8 27.
Ng5 f5 28. Ne6+ Kf7 29. Qxf5+ Ke8 30. Nxc5+ 1-0

[Event "DEM U10/U10w 2008"]
[Site "Willingen GER"]
[Date "2008.05.11"]
[Round "2"]
[White "Oelfke, Nils Lukas"]
[Black "Mager, Denis"]
[Result "1/2-1/2"]
[Termination "normal"]
[Board "35"]
[WhiteElo "921"]
[BlackElo "1145"]
[PlyCount "113"]
[BlackFideId "24691127"]
[EventCountry "GER"]
[EventRounds "11"]
[EventType "swiss"]
[EventDate "2008.05.10"]

1. c4 Nf6 2. Nc3 e6 3. Nf3 d5 4. cxd5 Nxd5 5. Nxd5 exd5 6. d4 Bf5 7. e3 Bd6 8.
Bd3 Qf6 9. Qc2 Bxd3 10. Qxd3 O-O 11. O-O Nd7 12. Re1 Rfe8 13. Qb5 Nb6 14. a4 c6
15. Qa5 Nc4 16. Qc3 a5 17. b3 Bb4 18. Qd3 Bxe1 19. bxc4 Bb4 20. c5 Re4 21. Bb2
Rg4 22. h3 Qg6 23. Qxg6 Rxg6 24. Ne5 Re6 25. Nd3 Ree8 26. Kf1 f6 27. Ke2 Kf7
28. g4 Re4 29. f4 Rae8 30. Bc1 Bc3 31. Ra3 Bxd4 32. Nf2 R4e7 33. Nd1 Bxc5 34.
Rc3 Bd6 35. Ba3 Bxa3 36. Rxa3 d4 37. Rb3 dxe3 38. Nxe3 b5 39. axb5 Rxe3+ 40.
Rxe3 Rxe3+ 41. Kxe3 cxb5 42. Kd3 Ke6 43. h4 Kd5 44. h5 b4 45. f5 Ke5 46. Ke3 b3
47. Kd3 Kf4 48. g5 fxg5 49. h6 gxh6 50. f6 g4 51. f7 h5 52. f8=Q+ Kg3 53. Qd6+
Kh3 54. Qd4 g3 55. Qg1 h4 56. Kc3 a4 57. Qh1+ 1/2-1/2

[Event "DEM U10/U10w 2008"]
[Site "Willingen GER"]
[Date "2008.05.11"]
[Round "2"]
[White "Wenzke, Tim"]
[Black "Falk, Frederike"]
[Result "1-0"]
[Termination "normal"]
[Board "36"]
[WhiteElo "1129"]
[BlackElo "918"]
[PlyCount "55"]
[EventCountry "GER"]
[EventRounds "11"]
[EventType "swiss"]
[EventDate "2008.05.10"]

1. d4 d5 2. c4 e6 3. Nc3 Nf6 4. Bg5 Nbd7 5. e3 c6 6. a3 Qa5 7. b4 Qc7 8. Nf3
Be7 9. Bf4 Qd8 10. Qc2 O-O 11. Bd3 Nh5 12. O-O-O Nxf4 13. exf4 Qc7 14. Ne5 Nxe5
15. fxe5 Bg5+ 16. Kb2 Qe7 17. Rdf1 Bh6 18. f4 Qh4 19. g3 Qe7 20. h4 Bd7 21. g4
g6 22. g5 Bg7 23. h5 gxh5 24. Rxh5 Be8 25. Bxh7+ Kh8 26. Bf5+ Kg8 27. Bxe6 Qxe6
28. Qh7# 1-0

[Event "DEM U10/U10w 2008"]
[Site "Willingen GER"]
[Date "2008.05.11"]
[Round "2"]
[White "Schwarz, Larissa"]
[Black "Petermann, Tessa"]
[Result "1/2-1/2"]
[Termination "normal"]
[Board "37"]
[WhiteElo "898"]
[BlackElo "1124"]
[PlyCount "28"]
[WhiteFideId "24699004"]
[BlackFideId "12929492"]
[EventCountry "GER"]
[EventRounds "11"]
[EventType "swiss"]
[EventDate "2008.05.10"]

1. d4 Nf6 2. c4 c5 3. e3 b5 4. Nf3 e6 5. Nc3 b4 6. Ne2 d5 7. b3 Be7 8. g3 O-O
9. Bg2 Bb7 10. O-O Nbd7 11. Nf4 Qc7 12. Bb2 Rfb8 13. a3 a5 14. a4 Nb6 1/2-1/2

[Event "DEM U10/U10w 2008"]
[Site "Willingen GER"]
[Date "2008.05.11"]
[Round "2"]
[White "Damm, Nils"]
[Black "Hälterlein, Anna"]
[Result "0-1"]
[Termination "normal"]
[Board "38"]
[WhiteElo "1109"]
[BlackElo "841"]
[PlyCount "66"]
[WhiteFideId "24693065"]
[EventCountry "GER"]
[EventRounds "11"]
[EventType "swiss"]
[EventDate "2008.05.10"]

1. e4 e5 2. Nf3 Nc6 3. d4 exd4 4. c3 Nf6 5. e5 Nd5 6. cxd4 d6 7. Bc4 Nb6 8. Qb3
d5 9. Bb5 Bd7 10. Nc3 Bb4 11. Bxc6 Bxc3+ 12. Qxc3 Bxc6 13. Bg5 Qd7 14. Qc5 h6
15. Bh4 Qe6 16. g4 f6 17. h3 Nd7 18. Qa3 fxe5 19. O-O-O e4 20. Rhg1 g5 21. Bg3
Qf6 22. Ne5 Bb5 23. Nxd7 Kxd7 24. Be5 Qc6+ 25. Qc3 Qxc3+ 26. bxc3 Rhf8 27. Bg7
Rxf2 28. Bxh6 Rg8 29. a4 Bc4 30. Rh1 Rg6 31. h4 Rxh6 32. h5 e3 33. a5 e2 0-1

[Event "DEM U10/U10w 2008"]
[Site "Willingen GER"]
[Date "2008.05.11"]
[Round "2"]
[White "Sadjjadi, Anahita"]
[Black "Kempe, Anne"]
[Result "1/2-1/2"]
[Termination "normal"]
[Board "39"]
[WhiteElo "863"]
[BlackElo "1103"]
[PlyCount "134"]
[BlackFideId "12918083"]
[EventCountry "GER"]
[EventRounds "11"]
[EventType "swiss"]
[EventDate "2008.05.10"]

1. e4 c5 2. Nc3 d6 3. Bb5+ Bd7 4. d3 Nf6 5. Nf3 g6 6. O-O Bg7 7. Qe1 O-O 8. e5
Ng4 9. exd6 exd6 10. Bf4 Re8 11. Qd1 Bxc3 12. Bxd7 Qxd7 13. bxc3 Kg7 14. h3 Ne5
15. d4 Nc4 16. Qd3 Nb2 17. Qd2 Re4 18. dxc5 Nc4 19. Qd3 Rxf4 20. cxd6 Nxd6 21.
Ne5 Qe6 22. Rfe1 Qf6 23. Ng4 Qd8 24. Qd2 Rf5 25. Rad1 Nc6 26. Qxd6 Qxd6 27.
Rxd6 Rc5 28. Rd7 Rxc3 29. Rxb7 Rxc2 30. Rc7 Nd4 31. Rxc2 Nxc2 32. Rc1 Nd4 33.
Rc7 h5 34. Ne5 Kf6 35. Kh2 Kxe5 36. Rxf7 a5 37. g4 Rb8 38. gxh5 gxh5 39. Rh7 h4
40. Rh5+ Kf4 41. Rxa5 Rb2 42. Kg2 Ke4 43. a4 Nc6 44. Rc5 Ne5 45. a5 Nd3 46.
Rc4+ Kd5 47. Ra4 Rxf2+ 48. Kg1 Rf4 49. Ra3 Nc5 50. a6 Rf8 51. a7 Ra8 52. Kg2
Kc6 53. Kf3 Kb7 54. Kg4 Na6 55. Rb3+ Kxa7 56. Kxh4 Rh8+ 57. Kg5 Nc5 58. Ra3+
Kb6 59. h4 Kc6 60. h5 Kd6 61. h6 Ke7 62. Rf3 Rg8+ 63. Kh5 Ne4 64. h7 Nf6+ 65.
Rxf6 Rh8 66. Kg6 Rxh7 67. Kxh7 Kxf6 1/2-1/2

[Event "DEM U10/U10w 2008"]
[Site "Willingen GER"]
[Date "2008.05.11"]
[Round "2"]
[White "Borrink, Guido"]
[Black "Wallat, Jessica"]
[Result "1-0"]
[Termination "normal"]
[Board "40"]
[WhiteElo "1098"]
[BlackElo "760"]
[PlyCount "71"]
[WhiteFideId "1270502"]
[BlackFideId "12909637"]
[EventCountry "GER"]
[EventRounds "11"]
[EventType "swiss"]
[EventDate "2008.05.10"]

1. d4 d5 2. Bf4 Nf6 3. c4 e6 4. Nc3 Be7 5. Nf3 Nc6 6. e3 O-O 7. Bd3 Bd7 8. e4
Rb8 9. cxd5 exd5 10. exd5 Re8 11. O-O g6 12. dxc6 Bxc6 13. Bb5 a6 14. Bc4 b5
15. Bb3 Bb4 16. Ne5 Qe7 17. Nxc6 Qd7 18. Nxb8 Rxb8 19. Be5 Qf5 20. Bxc7 Rc8 21.
Be5 Re8 22. Re1 Re7 23. Bxf6 Qxf6 24. Nd5 Rxe1+ 25. Qxe1 Bxe1 26. Nxf6+ Kg7 27.
Ne8+ Kh6 28. Rxe1 f5 29. d5 Kg5 30. d6 Kh6 31. d7 g5 32. d8=Q Kh5 33. Bd1+ Kh4
34. g3+ Kh3 35. Qxg5 h6 36. Qh5# 1-0

[Event "DEM U10/U10w 2008"]
[Site "Willingen GER"]
[Date "2008.05.11"]
[Round "2"]
[White "Braun, Nicklas Stefan"]
[Black "Zeller, Anna"]
[Result "1-0"]
[Termination "normal"]
[Board "41"]
[WhiteElo "1097"]
[BlackElo "690"]
[PlyCount "85"]
[EventCountry "GER"]
[EventRounds "11"]
[EventType "swiss"]
[EventDate "2008.05.10"]

1. e4 e5 2. Nf3 Nc6 3. Bc4 Nf6 4. Nc3 Bc5 5. d3 Be7 6. Be3 d6 7. h3 a6 8. O-O
b5 9. Bd5 Bb7 10. a3 Na5 11. b4 c6 12. Ba2 d5 13. bxa5 Qxa5 14. Bd2 Bxa3 15.
Nb1 Qb6 16. Nxa3 b4 17. Nb1 dxe4 18. dxe4 Rd8 19. Nxe5 O-O 20. Qe1 Qd4 21. Bxb4
Qxa1 22. Bxf8 Qxa2 23. Be7 Rd4 24. Bxf6 gxf6 25. Ng4 Kg7 26. Qe3 Rd6 27. Qh6+
Kg8 28. Nxf6+ Rxf6 29. Qxf6 Kf8 30. Qh8+ Ke7 31. Qxh7 Qxc2 32. Qh4+ Ke6 33.
Qg4+ Ke5 34. Qf5+ Kd4 35. Qd7+ Kxe4 36. Nd2+ Ke5 37. Re1+ Kf4 38. Qxf7+ Qf5 39.
g3+ Kg5 40. Re5 Qxe5 41. Nf3+ Kh6 42. Nxe5 Kg5 43. Qg6# 1-0

[Event "DEM U10/U10w 2008"]
[Site "Willingen GER"]
[Date "2008.05.11"]
[Round "2"]
[White "Wagner, Swenja"]
[Black "Mann, Jonas"]
[Result "0-1"]
[Termination "normal"]
[Board "42"]
[WhiteElo "832"]
[BlackElo "1081"]
[PlyCount "60"]
[WhiteFideId "12900494"]
[BlackFideId "12900214"]
[EventCountry "GER"]
[EventRounds "11"]
[EventType "swiss"]
[EventDate "2008.05.10"]

1. e4 c5 2. Nf3 d6 3. Nc3 Nf6 4. Bb5+ Bd7 5. Bxd7+ Nbxd7 6. d3 e6 7. O-O Be7 8.
Bf4 O-O 9. d4 cxd4 10. Nxd4 e5 11. Bg3 exd4 12. Qxd4 Nc5 13. Bf4 Qb6 14. Qe3
Ncxe4 15. Qf3 Nxc3 16. bxc3 Qc6 17. Qg3 Nh5 18. Qg4 Nxf4 19. Qxf4 Qxc3 20. Rfe1
Bf6 21. Rac1 h6 22. Qxd6 Rae8 23. Red1 Bg5 24. Rb1 Qxc2 25. g3 Rd8 26. Qb4
Rxd1+ 27. Rxd1 Qxd1+ 28. Kg2 Qd5+ 29. Kf1 Re8 30. Qa4 Qh1# 0-1

[Event "DEM U10/U10w 2008"]
[Site "Willingen GER"]
[Date "2008.05.11"]
[Round "2"]
[White "Schramm, Anna-Lena"]
[Black "Weis, Olga"]
[Result "0-1"]
[Termination "normal"]
[Board "44"]
[WhiteElo "780"]
[BlackElo "1027"]
[PlyCount "50"]
[WhiteFideId "12918237"]
[BlackFideId "1270234"]
[EventCountry "GER"]
[EventRounds "11"]
[EventType "swiss"]
[EventDate "2008.05.10"]

1. d4 d5 2. Nc3 Bf5 3. f3 Nf6 4. h3 h5 5. e3 e6 6. b4 Bxb4 7. a3 Bxc3+ 8. Bd2
Bxd2+ 9. Qxd2 O-O 10. O-O-O Qd6 11. Qc3 Nc6 12. Bd3 Bxd3 13. Qxd3 Qg3 14. Rd2
Na5 15. Re2 Nc4 16. h4 Qd6 17. c3 Qxa3+ 18. Kb1 Qa6 19. Qd1 Nd7 20. Ra2 Qb5+
21. Kc1 Nxe3 22. Qd2 Nc4 23. Qd1 Ndb6 24. g4 Na4 25. Rxa4 Qb2# 0-1